000 01074nam a2200313 a 4500
001 35580
003 BD-RjUL
005 20211209052339.0
008 060707s2008 paua b 001 0 eng
020 _a1416022554
020 _a9781416022558
035 _a(OCoLC)ocm70284432
035 _a(OCoLC)70284432
_a(BD-RjUL)35675
040 _aDLC
_cDLC
_dBAKER
_dBTCTA
_dC#P
_dUKM
_dYDXCP
_dDLC
_dBD-RjUL
_beng
041 _aeng
082 0 0 _a571.6
_222
_bPOC 2008
100 1 _aPollard, Thomas D.
_q(Thomas Dean),
_d1942-
_9113697
245 1 0 _aCell biology /
_cThomas D. Pollard, William C. Earnshaw ; with Jennifer Lippincott-Schwartz ; illustrated by Graham T. Johnson.
250 _a2nd ed.
260 _aPhiladelphia :
_bSaunders/Elsevier,
_cc2008.
300 _axix, 905 p. :
_bill. (chiefly col.) ;
_c29 cm.
504 _aIncludes bibliographical references.
650 0 _aCytology.
_9113698
700 1 _aEarnshaw, William C.
_9113699
700 1 _aLippincott-Schwartz, Jennifer.
_9113700
942 _2ddc
_cBK
999 _c35580
_d35580